Modulárny systém sedenia
Gespeichert in:
| 1. Verfasser: | |
|---|---|
| Weitere Verfasser: | |
| Format: | Manuskript Buch |
| Sprache: | Slowakisch |
| Veröffentlicht: |
Bratislava
2016
|
| Schlagworte: | |
| Online-Zugang: | http://is.stuba.sk/zp/portal_zp.pl?podrobnosti=133723 |
| Tags: |
Keine Tags, Fügen Sie das erste Tag hinzu!
|
MARC
| LEADER | 00000ntm a22000003a 4500 | ||
|---|---|---|---|
| 001 | stuzp59364 | ||
| 003 | SK-STU | ||
| 005 | 20210222091150.3 | ||
| 007 | ta | ||
| 008 | 150427s2015----xo-----f-mn---000-0-slo-d | ||
| 040 | |a STU |b slo | ||
| 041 | 0 | |a slo | |
| 100 | 1 | |a Kundrat, Matej |u 059190 |4 aut |U FAD Fakulta architektúry |T FA Ústav dizajnu |X 70452 |U A9190 |Y 400 |7 70452 | |
| 242 | 0 | 1 | |a The modular seating system |y eng |
| 245 | 1 | 0 | |a Modulárny systém sedenia |
| 260 | |c 2016 |a Bratislava | ||
| 650 | 4 | |a sedenie |2 slo | |
| 650 | 4 | |a nábytok |2 slo | |
| 650 | 4 | |a užívateľský komfort |2 slo | |
| 650 | 4 | |a customer´s comfort |2 eng | |
| 650 | 4 | |a designer furniture |2 eng | |
| 650 | 4 | |a seating |2 eng | |
| 700 | 1 | |a Nagy, Tomáš |u 059190 |k Z1 |4 ths |U FAD Fakulta architektúry |T FA Ústav dizajnu |X 38275 |U A9190 |Y 400 |7 A000038275 | |
| 856 | 4 | |u http://is.stuba.sk/zp/portal_zp.pl?podrobnosti=133723 |u https://opac.crzp.sk/?fn=detailBiblioForm&sid=28C7416B5E23CF19947178CEF8E1 | |
| SQL | |a stuzp59364 |b DBP |c SLO |d Modulárny systém sedenia |e 70452 |f Kundrat, Matej |g 059190 |h 38275 |i Nagy, Tomáš |j 20160610 |k 1466 |l 05 |m http://is.stuba.sk/zp/portal_zp.pl?podrobnosti=133723 |n B-D |o 2.2.6. dizajn | ||